Beyond reason : (Record no. 20257)
[ view plain ]
| 000 -LEADER | |
|---|---|
| fixed length control field | 01286pam a2200325 a 4500 |
| 001 - CONTROL NUMBER | |
| control field | 566769 |
| 003 - CONTROL NUMBER IDENTIFIER | |
| control field | OSt |
| 005 - DATE AND TIME OF LATEST TRANSACTION | |
| control field | 20211126083358.0 |
| 008 - FIXED-LENGTH DATA ELEMENTS--GENERAL INFORMATION | |
| fixed length control field | 891204s1990 nyuaf 000 0 eng |
| 010 ## - LIBRARY OF CONGRESS CONTROL NUMBER | |
| LC control number | 89077078 |
| 020 ## - INTERNATIONAL STANDARD BOOK NUMBER | |
| International Standard Book Number | 0312042671 : |
| Terms of availability | $19.95 |
| 040 ## - CATALOGING SOURCE | |
| Original cataloging agency | DLC |
| Transcribing agency | HU |
| Modifying agency | DLC |
| 043 ## - GEOGRAPHIC AREA CODE | |
| Geographic area code | n-us-va |
| 050 00 - LIBRARY OF CONGRESS CALL NUMBER | |
| Classification number | HV6533.V8 |
| Item number | E54 1990 |
| 082 00 - DEWEY DECIMAL CLASSIFICATION NUMBER | |
| Classification number | 364.1/523/09755675 |
| Edition number | 20 |
| 100 1# - MAIN ENTRY--PERSONAL NAME | |
| Personal name | Englade, Ken. |
| 9 (RLIN) | 20632 |
| 245 10 - TITLE STATEMENT | |
| Title | Beyond reason : |
| Remainder of title | the true story of a shocking double murder, a brilliant and beautiful Virginia socialite, and a deadly psychotic obsession / |
| Statement of responsibility, etc. | Ken Englade. |
| 250 ## - EDITION STATEMENT | |
| Edition statement | 1st ed. |
| 260 ## - PUBLICATION, DISTRIBUTION, ETC. | |
| Place of publication, distribution, etc. | New York : |
| Name of publisher, distributor, etc. | St. Martin's Press, |
| Date of publication, distribution, etc. | c1990. |
| 300 ## - PHYSICAL DESCRIPTION | |
| Extent | viii, 353 p., [8] p. of plates : |
| Other physical details | ill. ; |
| Dimensions | 25 cm. |
| 600 10 - SUBJECT ADDED ENTRY--PERSONAL NAME | |
| Personal name | Haysom, Derek, |
| Dates associated with a name | -1985. |
| 9 (RLIN) | 20633 |
| 600 10 - SUBJECT ADDED ENTRY--PERSONAL NAME | |
| Personal name | Haysom, Nancy, |
| Dates associated with a name | 1932-1985. |
| 9 (RLIN) | 20634 |
| 600 10 - SUBJECT ADDED ENTRY--PERSONAL NAME | |
| Personal name | Haysom, Elizabeth. |
| 9 (RLIN) | 20635 |
| 600 10 - SUBJECT ADDED ENTRY--PERSONAL NAME | |
| Personal name | Söring, Jens, |
| Dates associated with a name | 1966- |
| 9 (RLIN) | 20636 |
| 650 #0 - SUBJECT ADDED ENTRY--TOPICAL TERM | |
| Topical term or geographic name entry element | Murder |
| Geographic subdivision | Virginia |
| -- | Bedford County |
| General subdivision | Case studies. |
| 9 (RLIN) | 20637 |
| 650 #0 - SUBJECT ADDED ENTRY--TOPICAL TERM | |
| Topical term or geographic name entry element | Trials (Murder) |
| Geographic subdivision | Virginia |
| -- | Bedford County. |
| 9 (RLIN) | 20638 |
| 906 ## - LOCAL DATA ELEMENT F, LDF (RLIN) | |
| a | 7 |
| b | cbc |
| c | orignew |
| d | 1 |
| e | opcn |
| f | 19 |
| g | y-gencatlg |
| 942 ## - ADDED ENTRY ELEMENTS (KOHA) | |
| Source of classification or shelving scheme | Dewey Decimal Classification |
| Koha item type | Books like text book referance book |
| Suppress in OPAC | No |
| Withdrawn status | Lost status | Source of classification or shelving scheme | Damaged status | Not for loan | Home library | Current library | Shelving location | Date acquired | Total Checkouts | Full call number | Barcode | Date last seen | Copy number | Price effective from | Koha item type |
|---|---|---|---|---|---|---|---|---|---|---|---|---|---|---|---|
| Dewey Decimal Classification | Social Library | Social Library | General Stacks | 11/26/2021 | 364.1'523'09755/ENG | SHLIB 00003162 | 11/26/2021 | 1 | 11/26/2021 | Books like text book referance book |